| 000 | 00782nam a2200253Ia 4500 | ||
|---|---|---|---|
| 999 |
_c200454457 _d72669 |
||
| 003 | TR-AnTOB | ||
| 005 | 20230926121301.0 | ||
| 008 | 230816s2019 tu a 000 0 tur d | ||
| 035 | _a(OCoLC)693557721 | ||
| 040 |
_aSULEY _beng _erda _cSULEY _dTR-AnTOB |
||
| 041 | 0 | _atur | |
| 060 |
_aWR 350 _bS243 2019 |
||
| 096 |
_aWR350 _bS243 2019 TıpFaK |
||
| 245 | 0 | 0 |
_aŞark çıbanı : _bKutanöz Leishmaniasis / _ceditörler Yusuf Özbel, Seray Töz, Gül Kitapçıoğlu. |
| 264 | 1 |
_aAnkara : _bMeta Basım Matbaacılık, _c2019. |
|
| 300 |
_a394 pages : _billustrations ; _c24 cm |
||
| 336 |
_atext _btxt _2rdacontent |
||
| 337 |
_aunmediated _bn _2rdamedia |
||
| 338 |
_avolume _bnc _2rdacarrier |
||
| 504 | _aBIB | ||
| 653 | _aLeishmaniasis | ||
| 942 |
_2NLM _cBK |
||